000 00211 a2200097 4500
001 38388
100 _aBrown S
245 _a500 tips on assessment
260 _aG Br
_bKogan page
_c1996
090 _c24374
_d24374
942 _aNUST-CAE
_cM
_c15974
999 _c273461
_d273461